| 000 | 00623nam a2200217Ia 4500 | ||
|---|---|---|---|
| 005 | 20250326144159.0 | ||
| 008 | 250326s9999 xx 000 0 und d | ||
| 020 | _a978-81-203-3285-0 | ||
| 037 | _aTextbook | ||
| 040 |
_aFMSL _beng _cFMSL |
||
| 041 |
_aeng _2eng |
||
| 084 |
_aX:51 P7 _qFMSL |
||
| 100 |
_aMukerjee J _9749201 |
||
| 245 | 0 |
_aCustomer relationship management: strategic approach to marketing _cMukerjee J |
|
| 260 |
_aNew Delhi _bNew Delhi, Prentice -Hall of India _c2007 |
||
| 300 | _a170p | ||
| 365 | _b175 | ||
| 650 | _aMarketing | ||
| 942 |
_cTB _hX:51 P7 |
||
| 999 |
_c1302691 _d1302691 |
||